000 00398cam a22001337a 4500
008 180718b1997 xxu||||| |||| 00| 0 eng d
020 _a0198262477
082 _aA99/H24 H314
245 _aHuman face of law: essays in honour of Donald Harris
_cedited by Keith Hawkins
260 _aOxford
_bClarendon Press
_c1997
300 _a209p.
650 _aHarris, Donald - Essays
700 _aHawkins, Keith
999 _c382119
_d382119